[Event "Daventry 4NCL U2000"]
[Site "Daventry"]
[Date "2025.04.20"]
[Round "5.14"]
[White "Ronald, Ted"]
[Black "Poderico, Francesco"]
[Result "1-0"]
[WhiteElo "1826"]
[BlackElo "1756"]
[PlyCount "31"]
[EventDate "2025.04.18"]
[EventType "swiss"]
[EventRounds "7"]
[EventCountry "ENG"]
[SourceTitle "BritBase"]
[Source "John Saunders"]
[SourceDate "2025.09.17"]
[SourceVersion "1"]
[SourceVersionDate "2025.09.17"]
[SourceQuality "1"]

1. e4 e6 2. d4 c5 3. Nf3 cxd4 4. Nxd4 Bc5 5. Nb3 Bb6 6. c4 Qh4 7. Qe2 Ne7 8. g3 Qf6 9. c5 Bc7 10. Nc3 O-O 11. Nb5 Na6 12. Nxc7 Nxc7 13. h4 h6 14. g4 Qg6 15. h5 Qf6 16. e5 1-0

[Event "Daventry 4NCL U2000"]
[Site "Daventry"]
[Date "2025.04.20"]
[Round "5.15"]
[White "Fisher, Neal"]
[Black "Dunkley, Michael"]
[Result "1/2-1/2"]
[WhiteElo "1749"]
[BlackElo "1825"]
[PlyCount "47"]
[EventDate "2025.04.18"]
[EventType "swiss"]
[EventRounds "7"]
[EventCountry "ENG"]
[SourceTitle "BritBase"]
[Source "John Saunders"]
[SourceDate "2025.09.17"]
[SourceVersion "1"]
[SourceVersionDate "2025.09.17"]
[SourceQuality "1"]

1. d4 e6 2. Nf3 f5 3. e3 Nf6 4. c3 b6 5. Be2 Bb7 6. O-O Be7 7. Ne5 O-O 8. Bf3 d5 9. Bh5 Ba6 10. Be2 Bxe2 11. Qxe2 c5 12. a4 Qc7 13. f4 Nbd7 14. Nd2 Ne4 15. Nxe4 dxe4 16. Qc4 Nxe5 17. dxe5 Qc6 18. b4 Rfd8 19. Ba3 Rd3 20. Kf2 Rad8 21. Rfe1 Qd5 22. Qxd5 R8xd5 23. c4 Rd7 24. b5 1/2-1/2

[Event "Daventry 4NCL U2000"]
[Site "Daventry"]
[Date "2025.04.21"]
[Round "6.1"]
[White "Ireland, David J"]
[Black "Obi, Okwose Marc"]
[Result "1/2-1/2"]
[WhiteElo "1967"]
[BlackElo "1896"]
[PlyCount "133"]
[EventDate "2025.04.18"]
[EventType "swiss"]
[EventRounds "7"]
[EventCountry "ENG"]
[SourceTitle "BritBase"]
[Source "John Saunders"]
[SourceDate "2025.09.17"]
[SourceVersion "1"]
[SourceVersionDate "2025.09.17"]
[SourceQuality "1"]

1. e4 d5 2. exd5 Qxd5 3. Nf3 Bg4 4. Be2 Nc6 5. Nc3 Qd6 6. h3 Bh5 7. d3 a6 8. Be3 Nf6 9. Qd2 e6 10. a3 Be7 11. b4 O-O 12. O-O Rfd8 13. Rfe1 h6 14. Rad1 Qd7 15. Bf4 Bd6 16. Ne4 Nd5 17. Bxd6 cxd6 18. c4 Nde7 19. Nh4 Bxe2 20. Rxe2 d5 21. Nc5 Qc7 22. Qc1 Nd4 23. Rb2 b6 24. Na4 Qc6 25. Nc3 dxc4 26. dxc4 Qxc4 27. Qe3 Nd5 28. Nxd5 Rxd5 29. Rc1 Qb5 30. Nf3 Nxf3+ 31. Qxf3 Rad8 32. Rb3 Rd3 33. Rxd3 Qxd3 34. Qxd3 Rxd3 35. Rc6 Rxa3 36. Rxb6 Rb3 37. Rxa6 Rxb4 38. Kh2 g5 39. g4 Kg7 40. Kg3 Re4 41. f3 Re2 42. h4 gxh4+ 43. Kxh4 Re3 44. Kg3 Kg6 45. Kf2 Rb3 46. Kg3 h5 47. gxh5+ Kxh5 48. Ra5+ Kg6 49. Rc5 f5 50. Rc6 Kf6 51. Ra6 Rb8 52. Kf4 Rb4+ 53. Kg3 Rd4 54. f4 Re4 55. Kf3 Ke7 56. Rb6 Ra4 57. Rc6 Rd4 58. Ra6 Rd6 59. Ra7+ Kf6 60. Ra8 Rd3+ 61. Ke2 Rd5 62. Kf3 e5 63. Ra6+ Ke7 64. fxe5 Rxe5 65. Kf4 Rd5 66. Rb6 Kf7 67. Ra6 1/2-1/2

[Event "Daventry 4NCL U2000"]
[Site "Daventry"]
[Date "2025.04.21"]
[Round "6.2"]
[White "Jackson, Gary C"]
[Black "Kearney, James I G"]
[Result "1/2-1/2"]
[WhiteElo "1950"]
[BlackElo "1995"]
[PlyCount "91"]
[EventDate "2025.04.18"]
[EventType "swiss"]
[EventRounds "7"]
[EventCountry "ENG"]
[SourceTitle "BritBase"]
[Source "John Saunders"]
[SourceDate "2025.09.17"]
[SourceVersion "1"]
[SourceVersionDate "2025.09.17"]
[SourceQuality "1"]

1. e4 e5 2. Nf3 Nc6 3. Bb5 a6 4. Ba4 Nf6 5. d4 exd4 6. O-O Be7 7. e5 Ne4 8. Nxd4 O-O 9. Nf5 d5 10. exd6 Bxf5 11. dxe7 Nxe7 12. Qf3 Nc5 13. Bb3 Nxb3 14. Qxb3 Re8 15. Bg5 Qd6 16. Na3 Qg6 17. Bf4 Qc6 18. Rfe1 Ng6 19. Bg3 h5 20. h3 h4 21. Bh2 Rxe1+ 22. Rxe1 Re8 23. Rxe8+ Qxe8 24. Qe3 Qd7 25. Qe2 b5 26. c3 Qd3 27. Qxd3 Bxd3 28. Bxc7 Kf8 29. b3 Ke7 30. Ba5 Ne5 31. f4 Nc6 32. Bb6 b4 33. cxb4 Ke6 34. Bc5 Kf5 35. Bd6 Ke6 36. Bf8 Kf5 37. Nc4 Kxf4 38. Bd6+ Ke4 39. Bf8 Kd5 40. Nb6+ Ke6 41. Kf2 Bb1 42. a3 g6 43. Nc4 Bc2 44. Nd2 Nd4 45. a4 Nxb3 46. Nxb3 1/2-1/2

[Event "Daventry 4NCL U2000"]
[Site "Daventry"]
[Date "2025.04.21"]
[Round "6.3"]
[White "Waterfield, Mark B"]
[Black "Dhingra, Kanvansh"]
[Result "1-0"]
[WhiteElo "1990"]
[BlackElo "1749"]
[PlyCount "151"]
[EventDate "2025.04.18"]
[EventType "swiss"]
[EventRounds "7"]
[EventCountry "ENG"]
[SourceTitle "BritBase"]
[Source "John Saunders"]
[SourceDate "2025.09.17"]
[SourceVersion "1"]
[SourceVersionDate "2025.09.17"]
[SourceQuality "1"]

1. e4 c5 2. Nf3 e6 3. d4 cxd4 4. Nxd4 a6 5. Bd3 Nc6 6. Nxc6 bxc6 7. O-O d5 8. c4 d4 9. e5 Rb8 10. Nd2 Ne7 11. Ne4 Ng6 12. f4 c5 13. Qa4+ Qd7 14. Qa5 Qc6 15. Nf2 Qb6 16. Qe1 Be7 17. Be4 Bb7 18. Nd3 Nh4 19. Bd2 Bxe4 20. Qxe4 Qb7 21. Qe2 Nf5 22. Rae1 h5 23. g3 g6 24. Qf2 h4 25. g4 Ng7 26. h3 Qd7 27. b3 Qc6 28. Ba5 Bd8 29. Qd2 Be7 30. Qe2 O-O 31. Kh2 g5 32. fxg5 Bxg5 33. Bd2 Be7 34. Bh6 f6 35. exf6 Rxf6 36. Rxf6 Bxf6 37. Bxg7 Qd6+ 38. Kh1 Kxg7 39. g5 Bxg5 40. Qxe6 Qg3 41. Qe5+ Qxe5 42. Rxe5 Bd2 43. Nxc5 a5 44. Re4 Bc3 45. Ne6+ Kf6 46. Nxd4 Rd8 47. Nf3 Rd1+ 48. Kg2 Ra1 49. Re2 Bb4 50. Nxh4 Kg5 51. Nf3+ Kf4 52. Rc2 Ke3 53. c5 Bxc5 54. Rxc5 Rxa2+ 55. Kg3 Ra3 56. Rb5 a4 57. bxa4 Rxa4 58. Re5+ Re4 59. Rxe4+ Kxe4 60. Kg4 Kd5 61. Kf5 Kd6 62. Kf6 Kd7 63. Kf7 Kd6 64. h4 Kd5 65. h5 Ke4 66. h6 Kxf3 67. h7 Kf4 68. h8=Q Ke4 69. Ke6 Kf4 70. Qe5+ Kg4 71. Qf5+ Kg3 72. Ke5 Kh4 73. Qg6 Kh3 74. Kf4 Kh2 75. Kf3 Kh1 76. Qg2# 1-0

[Event "Daventry 4NCL U2000"]
[Site "Daventry"]
[Date "2025.04.21"]
[Round "6.4"]
[White "Johnson, Richard J"]
[Black "Tart, Peter K"]
[Result "0-1"]
[WhiteElo "1894"]
[BlackElo "1935"]
[PlyCount "76"]
[EventDate "2025.04.18"]
[EventType "swiss"]
[EventRounds "7"]
[EventCountry "ENG"]
[SourceTitle "BritBase"]
[Source "John Saunders"]
[SourceDate "2025.09.17"]
[SourceVersion "1"]
[SourceVersionDate "2025.09.17"]
[SourceQuality "1"]

1. e4 e5 2. Nf3 Nf6 3. Nxe5 d6 4. Nf3 Nxe4 5. d4 Nf6 6. Bd3 Be7 7. O-O O-O 8. c4 Re8 9. b3 Nbd7 10. Bb2 Nf8 11. Nbd2 Bg4 12. Qc2 Bh5 13. Rfe1 Bg6 14. Ne4 c6 15. Nxf6+ Bxf6 16. Rxe8 Qxe8 17. Re1 Qd7 18. Bxg6 Nxg6 19. Qe4 Nf8 20. Bc1 d5 21. cxd5 cxd5 22. Qd3 Ne6 23. Qf5 Qd8 24. Be3 Rc8 25. g3 g6 26. Qd3 Qa5 27. Qe2 Qb4 28. Ne5 Nxd4 29. Bxd4 Qxd4 30. Nxf7 Rf8 31. Nh6+ Kg7 32. Ng4 Bd8 33. Ne3 Qe4 34. Qb5 Bb6 35. Qe2 Re8 36. Qb2+ Kg8 37. Qd2 Qf3 38. Rd1 d4 0-1

[Event "Daventry 4NCL U2000"]
[Site "Daventry"]
[Date "2025.04.21"]
[Round "6.5"]
[White "Carter, Bowie"]
[Black "Fallowfield, Nicholas"]
[Result "1-0"]
[WhiteElo "1858"]
[BlackElo "1909"]
[PlyCount "111"]
[EventDate "2025.04.18"]
[EventType "swiss"]
[EventRounds "7"]
[EventCountry "ENG"]
[SourceTitle "BritBase"]
[Source "John Saunders"]
[SourceDate "2025.09.17"]
[SourceVersion "1"]
[SourceVersionDate "2025.09.17"]
[SourceQuality "1"]

1. e4 Nf6 2. e5 Nd5 3. d4 d6 4. Nf3 dxe5 5. dxe5 Bg4 6. Be2 e6 7. O-O Be7 8. Bd2 O-O 9. Nc3 c6 10. Nxd5 cxd5 11. Nd4 Bxe2 12. Qxe2 Nd7 13. Rfe1 Rc8 14. Qg4 Kh8 15. Bc3 Bc5 16. Nb3 Bb6 17. Rac1 Rc4 18. Qg3 Qh4 19. Nd2 Qxg3 20. hxg3 Rg4 21. Kf1 h5 22. Nf3 Rc8 23. Bd2 Rcc4 24. b3 Rce4 25. Ng5 Rxe1+ 26. Rxe1 Kg8 27. f3 Rxg3 28. Bf4 Rxg5 29. Bxg5 Bc7 30. f4 Nc5 31. Be7 Ne4 32. Bb4 Bb6 33. Ke2 Kh7 34. c4 dxc4 35. bxc4 Kg6 36. Kf3 Nc5 37. Bxc5 Bxc5 38. Rd1 b6 39. Rd7 a5 40. a4 f6 41. exf6 gxf6 42. Ke4 Bf2 43. Rd6 Kf7 44. f5 exf5+ 45. Kxf5 h4 46. Rxf6+ Ke7 47. Rh6 Kd7 48. Ke5 Kc7 49. Kd5 Kb7 50. Rh7+ Ka6 51. Kc6 Bg3 52. Rb7 Bf2 53. Rf7 Bg3 54. Rf8 Ka7 55. Kb5 Kb7 56. Rf7+ 1-0

[Event "Daventry 4NCL U2000"]
[Site "Daventry"]
[Date "2025.04.21"]
[Round "6.6"]
[White "Dean, Robert A"]
[Black "Griffin-Young, Sebastian"]
[Result "0-1"]
[WhiteElo "1790"]
[BlackElo "1875"]
[PlyCount "110"]
[EventDate "2025.04.18"]
[EventType "swiss"]
[EventRounds "7"]
[EventCountry "ENG"]
[SourceTitle "BritBase"]
[Source "John Saunders"]
[SourceDate "2025.09.17"]
[SourceVersion "1"]
[SourceVersionDate "2025.09.17"]
[SourceQuality "1"]

1. Nf3 Nf6 2. d4 g6 3. Bg5 Ne4 4. Bh4 Bg7 5. e3 O-O 6. Bd3 Nf6 7. Nbd2 d6 8. O-O Nbd7 9. c3 b6 10. Re1 Bb7 11. e4 e5 12. Qb3 Re8 13. Bc4 Qe7 14. Ng5 Rf8 15. f4 c5 16. dxe5 dxe5 17. f5 gxf5 18. exf5 Bh6 19. Rad1 Bxg5 20. Bxg5 Rad8 21. Re3 Kh8 22. Rg3 Rg8 23. Bxf7 Rg7 24. Be6 Nf8 25. Bc4 h6 26. Bh4 Rxg3 27. hxg3 N8h7 28. Nf3 e4 29. Rxd8+ Qxd8 30. Ne5 Qd2 31. Ng6+ Kg7 32. Bf1 Ng4 33. Qb5 e3 34. Nf4 Ng5 35. Nh5+ Kh7 36. Bxg5 hxg5 37. Qe2 Kh6 38. Ng7 Kxg7 39. Qxg4 Kf6 40. Be2 Qe1+ 41. Kh2 Qf2 42. Qh3 Qxe2 43. Qh6+ Kxf5 44. Qh7+ Ke5 45. Qxb7 Qh5+ 46. Kg1 Qd1+ 47. Kh2 e2 48. Qe7+ Kd5 49. Qxg5+ Ke4 50. Qf4+ Kd3 51. Qf5+ Kd2 52. Qf4+ Kc2 53. Qf5+ Kc1 54. Qf4+ Qd2 55. Qf5 Qh6+ 0-1

[Event "Daventry 4NCL U2000"]
[Site "Daventry"]
[Date "2025.04.21"]
[Round "6.7"]
[White "Slinger, AJ (Tony)"]
[Black "Liu, Jacob"]
[Result "0-1"]
[WhiteElo "1848"]
[BlackElo "1858"]
[PlyCount "122"]
[EventDate "2025.04.18"]
[EventType "swiss"]
[EventRounds "7"]
[EventCountry "ENG"]
[SourceTitle "BritBase"]
[Source "John Saunders"]
[SourceDate "2025.09.17"]
[SourceVersion "1"]
[SourceVersionDate "2025.09.17"]
[SourceQuality "1"]

1. e4 e6 2. d3 d5 3. Nd2 Ne7 4. Ngf3 g6 5. g3 Bg7 6. Bg2 c5 7. O-O O-O 8. Rb1 Nbc6 9. b3 Nb4 10. Bb2 Nxa2 11. Bxg7 Kxg7 12. Ra1 Nb4 13. Qb1 b6 14. c3 Nbc6 15. Rd1 Bb7 16. b4 cxb4 17. cxb4 Qd6 18. Qb2+ f6 19. Rab1 e5 20. b5 Na5 21. exd5 Bxd5 22. Nc4 Bxc4 23. dxc4 Qc7 24. Nxe5 Rad8 25. Rxd8 Qxd8 26. Ng4 Nxc4 27. Qe2 Nd6 28. Qe6 Nef5 29. Rd1 Re8 30. Qd5 h5 31. Ne3 Nxe3 32. fxe3 Nf7 33. Qb3 Qe7 34. Bd5 Qxe3+ 35. Qxe3 Rxe3 36. Ra1 Re7 37. Kf2 Nd6 38. Bc6 Nf5 39. Rd1 Rc7 40. Kf3 Nh6 41. h4 Ng4 42. Kf4 Ne5 43. Rd8 Nxc6 44. bxc6 Rxc6 45. Rd7+ Kh6 46. Rxa7 Rc4+ 47. Kf3 g5 48. hxg5+ fxg5 49. Rb7 Rb4 50. Rb8 Rb3+ 51. Kf2 Kg6 52. Rf8 b5 53. Rd8 Kf5 54. Rd5+ Kg4 55. Rd4+ Kh3 56. Rd5 Rxg3 57. Rxb5 h4 58. Rb4 Rg2+ 59. Kf1 g4 60. Ra4 Kh2 61. Rb4 h3 0-1

[Event "Daventry 4NCL U2000"]
[Site "Daventry"]
[Date "2025.04.21"]
[Round "6.8"]
[White "Gibson, Christopher A"]
[Black "Willow, Hambel M"]
[Result "1-0"]
[WhiteElo "1886"]
[BlackElo "1850"]
[PlyCount "53"]
[EventDate "2025.04.18"]
[EventType "swiss"]
[EventRounds "7"]
[EventCountry "ENG"]
[SourceTitle "BritBase"]
[Source "John Saunders"]
[SourceDate "2025.09.17"]
[SourceVersion "1"]
[SourceVersionDate "2025.09.17"]
[SourceQuality "1"]

1. e4 c6 2. d4 d5 3. Nc3 dxe4 4. Nxe4 Bf5 5. Ng3 Bg6 6. h4 h6 7. Be3 Nf6 8. Bd3 Bxd3 9. Qxd3 e6 10. O-O-O Nbd7 11. Kb1 Qc7 12. N1e2 Be7 13. c4 O-O 14. Nf4 Ng4 15. Ngh5 Nxe3 16. fxe3 Nf6 17. Nxf6+ Bxf6 18. g4 Rfd8 19. Nh5 Be7 20. Rdg1 Qa5 21. Rf1 c5 22. d5 exd5 23. Qf5 Rf8 24. Qe5 Bf6 25. Rxf6 Rae8 26. Re6 f6 27. Qxd5 1-0

[Event "Daventry 4NCL U2000"]
[Site "Daventry"]
[Date "2025.04.21"]
[Round "6.9"]
[White "Calvert, George"]
[Black "Wheeler, Tim"]
[Result "1-0"]
[WhiteElo "1705"]
[BlackElo "1863"]
[PlyCount "83"]
[EventDate "2025.04.18"]
[EventType "swiss"]
[EventRounds "7"]
[EventCountry "ENG"]
[SourceTitle "BritBase"]
[Source "John Saunders"]
[SourceDate "2025.09.17"]
[SourceVersion "1"]
[SourceVersionDate "2025.09.17"]
[SourceQuality "1"]

1. e4 c5 2. d4 cxd4 3. c3 dxc3 4. Nxc3 Nc6 5. Nf3 e6 6. Bc4 a6 7. O-O Nge7 8. Qe2 Ng6 9. Rd1 Be7 10. Nd5 Bc5 11. Bf4 Nxf4 12. Nxf4 Qe7 13. Rac1 d6 14. a3 Bd7 15. b4 Bb6 16. Qb2 O-O 17. Nh5 f6 18. Qd2 Bc7 19. Ng3 Kh8 20. h4 Rac8 21. h5 Ne5 22. Nxe5 fxe5 23. Qe3 Qf6 24. Rc2 Qf4 25. Qb3 Bb6 26. Nh1 Qxe4 27. Bd3 Qd5 28. Rxc8 Rxc8 29. Qb1 Bc6 30. Bf1 Qe4 31. Qb3 Bd5 32. Qh3 Rf8 33. h6 g6 34. Rd2 Qf4 35. Rc2 Qe4 36. Re2 Qf4 37. Rc2 Qf5 38. Qc3 Be4 39. Rd2 d5 40. b5 axb5 41. Qb4 d4 42. Ng3 1-0

[Event "Daventry 4NCL U2000"]
[Site "Daventry"]
[Date "2025.04.21"]
[Round "6.10"]
[White "Matthews, Adrian MS"]
[Black "Ronald, Ted"]
[Result "1/2-1/2"]
[WhiteElo "1855"]
[BlackElo "1826"]
[PlyCount "63"]
[EventDate "2025.04.18"]
[EventType "swiss"]
[EventRounds "7"]
[EventCountry "ENG"]
[SourceTitle "BritBase"]
[Source "John Saunders"]
[SourceDate "2025.09.17"]
[SourceVersion "1"]
[SourceVersionDate "2025.09.17"]
[SourceQuality "1"]

1. e4 c5 2. Nf3 g6 3. c3 Bg7 4. Bc4 e6 5. d4 cxd4 6. cxd4 d5 7. exd5 exd5 8. Qe2+ Ne7 9. Bb5+ Nbc6 10. Bg5 f6 11. Be3 O-O 12. Nc3 Re8 13. O-O Nf5 14. Qd2 Nd6 15. Rae1 Nxb5 16. Nxb5 Bg4 17. Bf4 Rxe1 18. Rxe1 Bxf3 19. gxf3 Qb6 20. Nc7 Rf8 21. Nxd5 Qxd4 22. Ne7+ Kf7 23. Nxc6 Qxd2 24. Bxd2 bxc6 25. Rc1 Rc8 26. Be3 a6 27. Rc4 f5 28. b3 Ke6 29. Kf1 Kd5 30. Ra4 Ra8 31. Ra5+ Kd6 32. Ra4 1/2-1/2

[Event "Daventry 4NCL U2000"]
[Site "Daventry"]
[Date "2025.04.21"]
[Round "6.11"]
[White "Robinson, Brian"]
[Black "Saha, Soumil"]
[Result "1/2-1/2"]
[WhiteElo "1742"]
[BlackElo "1674"]
[PlyCount "50"]
[EventDate "2025.04.18"]
[EventType "swiss"]
[EventRounds "7"]
[EventCountry "ENG"]
[SourceTitle "BritBase"]
[Source "John Saunders"]
[SourceDate "2025.09.17"]
[SourceVersion "1"]
[SourceVersionDate "2025.09.17"]
[SourceQuality "1"]

1. d4 Nf6 2. Nf3 g6 3. g3 Bg7 4. Bg2 O-O 5. O-O d6 6. c4 Bd7 7. Nc3 Qc8 8. Re1 Nh5 9. e4 e5 10. dxe5 dxe5 11. Be3 Nc6 12. Qc2 Nd4 13. Bxd4 exd4 14. Nd5 Re8 15. Rad1 c6 16. Nb4 a5 17. Nd3 c5 18. Qb3 b5 19. Nd2 b4 20. Qc2 Ra6 21. Nb3 Bf8 22. Nd2 f5 23. e5 Bh6 24. Bd5+ Be6 25. f4 Bf8 1/2-1/2

[Event "Daventry 4NCL U2000"]
[Site "Daventry"]
[Date "2025.04.21"]
[Round "6.12"]
[White "Dunkley, Michael"]
[Black "Roychowdhury, Aashita"]
[Result "1-0"]
[WhiteElo "1825"]
[BlackElo "1654"]
[PlyCount "119"]
[EventDate "2025.04.18"]
[EventType "swiss"]
[EventRounds "7"]
[EventCountry "ENG"]
[SourceTitle "BritBase"]
[Source "John Saunders"]
[SourceDate "2025.09.17"]
[SourceVersion "1"]
[SourceVersionDate "2025.09.17"]
[SourceQuality "1"]

1. Nf3 d5 2. c4 c6 3. b3 Nf6 4. Bb2 Bf5 5. g3 e6 6. Bg2 Nbd7 7. O-O Be7 8. d3 O-O 9. Nbd2 Rc8 10. Qc2 b5 11. e4 dxe4 12. dxe4 Bg6 13. Rad1 Qb6 14. Nh4 Bh5 15. Bf3 Bxf3 16. Nhxf3 Bc5 17. h3 Nh5 18. Kg2 b4 19. e5 f6 20. Ne4 Qc7 21. Rxd7 Qxd7 22. Nxc5 Qf7 23. Ne4 Qc7 24. exf6 Nxf6 25. Neg5 Rfe8 26. Be5 Qb7 27. c5 h6 28. Ne4 Nxe4 29. Qxe4 a5 30. Bd6 Qf7 31. Re1 Qd7 32. Qg4 g5 33. h4 Qf7 34. hxg5 hxg5 35. Qxg5+ Qg7 36. Qxg7+ Kxg7 37. Ne5 Rh8 38. Re4 Rh6 39. Rf4 Rf6 40. Rxf6 Kxf6 41. Kf3 Kf5 42. g4+ Kg5 43. Ke4 Kf6 44. f4 Kg7 45. Nf3 Ra8 46. Nd4 a4 47. Nxc6 axb3 48. axb3 Ra3 49. Nxb4 Rxb3 50. c6 Rc3 51. Be5+ Kf7 52. Bxc3 Ke7 53. g5 Ke8 54. g6 Ke7 55. g7 Kf7 56. c7 e5 57. Bxe5 Ke7 58. g8=Q Kd7 59. c8=Q+ Ke7 60. Qce8# 1-0

[Event "Daventry 4NCL U2000"]
[Site "Daventry"]
[Date "2025.04.21"]
[Round "6.13"]
[White "Bellano, Harry"]
[Black "Fisher, Neal"]
[Result "1-0"]
[WhiteElo "1645"]
[BlackElo "1749"]
[PlyCount "115"]
[EventDate "2025.04.18"]
[EventType "swiss"]
[EventRounds "7"]
[EventCountry "ENG"]
[SourceTitle "BritBase"]
[Source "John Saunders"]
[SourceDate "2025.09.17"]
[SourceVersion "1"]
[SourceVersionDate "2025.09.17"]
[SourceQuality "1"]

1. e4 e5 2. f4 exf4 3. Bc4 c6 4. Nc3 b5 5. Bb3 Qh4+ 6. Kf1 a5 7. Nf3 Qf6 8. e5 Qf5 9. a3 a4 10. Ba2 Nh6 11. d4 Ba6 12. Kg1 Be7 13. Ne2 g5 14. h4 g4 15. Ng5 b4 16. Nxf4 g3 17. axb4 d5 18. Bb1 Qg4 19. Nf3 Nf5 20. e6 f6 21. c3 Nd6 22. Qe1 Bc4 23. Bc2 Bb5 24. Rh3 Nf5 25. Bxf5 Qxf5 26. Rxg3 Bd6 27. Qe3 Ra7 28. Ne1 Re7 29. Qf2 h5 30. Qc2 Qxc2 31. Nxc2 Na6 32. Rf3 Bxf4 33. Bxf4 Rxe6 34. Ne3 Rg8 35. Kf2 Kd7 36. Re1 Bd3 37. Nxd5 cxd5 38. Rxe6 Kxe6 39. Rxd3 Ra8 40. Re3+ Kf7 41. Bd6 Nb8 42. Re7+ Kg6 43. Re8 a3 44. bxa3 Rxa3 45. Rxb8 Rxc3 46. Rg8+ Kf5 47. Rg3 Rc4 48. Bc5 Rc2+ 49. Kg1 Ke4 50. Rb3 Rc1+ 51. Kh2 Ra1 52. b5 Ra8 53. Ra3 Rxa3 54. Bxa3 Kxd4 55. Bb2+ Kc5 56. Bxf6 Kxb5 57. g4 hxg4 58. h5 1-0

[Event "Daventry 4NCL U2000"]
[Site "Daventry"]
[Date "2025.04.21"]
[Round "6.14"]
[White "Poderico, Francesco"]
[Black "Lawrence, Spencer"]
[Result "0-1"]
[WhiteElo "1756"]
[BlackElo "1825"]
[PlyCount "58"]
[EventDate "2025.04.18"]
[EventType "swiss"]
[EventRounds "7"]
[EventCountry "ENG"]
[SourceTitle "BritBase"]
[Source "John Saunders"]
[SourceDate "2025.09.17"]
[SourceVersion "1"]
[SourceVersionDate "2025.09.17"]
[SourceQuality "1"]

1. d4 d5 2. c4 e6 3. Nc3 Nf6 4. cxd5 exd5 5. Bg5 c6 6. Qc2 h6 7. Bh4 g6 8. f3 Bg7 9. O-O-O O-O 10. e4 Qa5 11. e5 Bf5 12. Bd3 Bxd3 13. Qxd3 Nfd7 14. e6 fxe6 15. Qxg6 e5 16. Nge2 Na6 17. Ng3 Nb4 18. a3 Na6 19. Nf5 Rxf5 20. Qxf5 exd4 21. Ne4 Nac5 22. Nd6 Rf8 23. Qg4 Ne5 24. Qh3 Ned3+ 25. Kb1 Nxb2 26. f4 Nxd1 27. Rxd1 d3 28. Rxd3 Qb6+ 29. Kc1 Nxd3+ 0-1

[Event "Daventry 4NCL U2000"]
[Site "Daventry"]
[Date "2025.04.21"]
[Round "6.15"]
[White "Bowman, Richard L"]
[Black "White, Nicholas E"]
[Result "1/2-1/2"]
[WhiteElo "1776"]
[BlackElo "1703"]
[PlyCount "80"]
[EventDate "2025.04.18"]
[EventType "swiss"]
[EventRounds "7"]
[EventCountry "ENG"]
[SourceTitle "BritBase"]
[Source "John Saunders"]
[SourceDate "2025.09.17"]
[SourceVersion "1"]
[SourceVersionDate "2025.09.17"]
[SourceQuality "1"]

1. d4 e6 2. Nd2 d5 3. e3 c5 4. c3 Nc6 5. f4 Nf6 6. Bd3 cxd4 7. exd4 Bd6 8. Qf3 Qc7 9. Nh3 h6 10. Nf1 Bd7 11. Nf2 a6 12. a4 Na5 13. Bc2 Rc8 14. Ng3 Nc6 15. Be3 Na5 16. Nd3 Ne4 17. Nxe4 dxe4 18. Qxe4 Bc6 19. d5 Bxd5 20. Qd4 O-O 21. O-O Nc4 22. Bc1 Na5 23. Qf2 Bc4 24. Re1 Bxd3 25. Bxd3 Nb3 26. Be3 Nxa1 27. Rxa1 Bc5 28. Kh1 Bxe3 29. Qxe3 Rcd8 30. h3 Rd7 31. Be4 Rfd8 32. Bf3 Rd3 33. Qe4 R3d7 34. Re1 a5 35. f5 exf5 36. Qxf5 Re7 37. Rxe7 Qxe7 38. Qxa5 Rd2 39. Qa8+ Kh7 40. Qxb7 Qe1+ 1/2-1/2

[Event "Daventry 4NCL U2000"]
[Site "Daventry"]
[Date "2025.04.21"]
[Round "7.1"]
[White "Waterfield, Mark B"]
[Black "Ireland, David J"]
[Result "1/2-1/2"]
[WhiteElo "1990"]
[BlackElo "1967"]
[PlyCount "85"]
[EventDate "2025.04.18"]
[EventType "swiss"]
[EventRounds "7"]
[EventCountry "ENG"]
[SourceTitle "BritBase"]
[Source "John Saunders"]
[SourceDate "2025.09.17"]
[SourceVersion "1"]
[SourceVersionDate "2025.09.17"]
[SourceQuality "1"]

1. e4 c6 2. d4 d5 3. exd5 cxd5 4. c4 Nf6 5. Nc3 e6 6. Nf3 Nc6 7. Bd3 Nb4 8. Be2 dxc4 9. Bxc4 Be7 10. O-O O-O 11. Re1 b6 12. Qe2 Bb7 13. Rd1 Rc8 14. Ne5 Nbd5 15. Nb5 a6 16. Na3 Bxa3 17. bxa3 Nc3 18. Qe1 Nxd1 19. Qxd1 Rxc4 20. Nxc4 Qd5 21. Ne3 Qe4 22. f3 Qg6 23. Qc2 Qxc2 24. Nxc2 Rc8 25. Ne1 Nd5 26. Bd2 a5 27. Rb1 Ba6 28. Kf2 Kf8 29. Rb2 Ke7 30. Nc2 Rc6 31. Ne3 Kd6 32. Nxd5 Kxd5 33. Be3 Bd3 34. Bf4 b5 35. Ke3 Rc2 36. Rxc2 Bxc2 37. Bc7 a4 38. Ba5 Bb1 39. f4 Bxa2 40. g3 Bb1 41. Bb4 Bf5 42. Bf8 Bb1 43. Bb4 1/2-1/2

[Event "Daventry 4NCL U2000"]
[Site "Daventry"]
[Date "2025.04.21"]
[Round "7.2"]
[White "Obi, Okwose Marc"]
[Black "Jackson, Gary C"]
[Result "0-1"]
[WhiteElo "1896"]
[BlackElo "1950"]
[PlyCount "98"]
[EventDate "2025.04.18"]
[EventType "swiss"]
[EventRounds "7"]
[EventCountry "ENG"]
[SourceTitle "BritBase"]
[Source "John Saunders"]
[SourceDate "2025.09.17"]
[SourceVersion "1"]
[SourceVersionDate "2025.09.17"]
[SourceQuality "1"]

1. c4 c5 2. g3 g6 3. Bg2 Bg7 4. Nc3 Nc6 5. e3 d6 6. Nge2 Nf6 7. d4 cxd4 8. exd4 O-O 9. O-O Rb8 10. h3 a6 11. Be3 Bf5 12. Re1 Nb4 13. g4 Bd7 14. a3 Nc6 15. b4 b5 16. f4 e6 17. d5 exd5 18. cxd5 Ne7 19. Rc1 Rc8 20. Bf2 Rc4 21. Nd4 Re8 22. Bf1 Rc8 23. Qb3 h6 24. Bg2 Rc4 25. Red1 Qc8 26. Bf1 Rc7 27. Nde2 h5 28. g5 Nh7 29. Bb6 Rc4 30. Bd4 Nf5 31. Bxg7 Kxg7 32. Na2 Ne3 33. Rxc4 bxc4 34. Qc3+ Kg8 35. Rc1 Nxf1 36. Kxf1 Bxh3+ 37. Kf2 Qg4 38. Qxc4 Qg2+ 39. Ke1 Qg1+ 40. Kd2 Qe3+ 41. Kd1 Bg4 42. Nac3 Rc8 43. Qxa6 Rxc3 44. Rxc3 Qxc3 45. Qa8+ Nf8 46. Qe8 Qxa3 47. b5 Qa1+ 48. Kd2 Qb2+ 49. Ke1 Qxe2+ 0-1

[Event "Daventry 4NCL U2000"]
[Site "Daventry"]
[Date "2025.04.21"]
[Round "7.3"]
[White "Kearney, James I G"]
[Black "Tart, Peter K"]
[Result "1-0"]
[WhiteElo "1995"]
[BlackElo "1935"]
[PlyCount "71"]
[EventDate "2025.04.18"]
[EventType "swiss"]
[EventRounds "7"]
[EventCountry "ENG"]
[SourceTitle "BritBase"]
[Source "John Saunders"]
[SourceDate "2025.09.17"]
[SourceVersion "1"]
[SourceVersionDate "2025.09.17"]
[SourceQuality "1"]

1. e4 e5 2. Nf3 Nf6 3. Nc3 Bb4 4. a3 Bxc3 5. dxc3 d6 6. Bc4 O-O 7. Bg5 Be6 8. Qe2 Nbd7 9. h3 Qe7 10. Nd2 c6 11. Bxe6 Qxe6 12. O-O d5 13. Rae1 Nxe4 14. Nxe4 dxe4 15. Qxe4 f5 16. Qb4 b6 17. Rd1 c5 18. Qa4 Nf6 19. Bxf6 Rxf6 20. Rd7 a6 21. Rfd1 b5 22. Qa5 Qc6 23. Rd8+ Rxd8 24. Qxd8+ Kf7 25. Rd7+ Kg6 26. Qe7 Kg5 27. Qxg7+ Rg6 28. Qxh7 Qe4 29. Rg7 Rxg7 30. Qxg7+ Kh5 31. Qh7+ Kg5 32. Qe7+ Kg6 33. Qxc5 Qxc2 34. Qd6+ Kg5 35. Qxe5 Qxb2 36. g4 1-0